La costa fatídica / (Record no. 6967)

MARC details
000 -LEADER
campo de control de longitud fija 00711nam a2200241 i 4500
001 - NÚMERO DE CONTROL
campo de control 6967
003 - IDENTIFICADOR DE NÚMERO DE CONTROL
campo de control ES-MaACL
005 - FECHA Y HORA DE LA ÚLTIMA TRANSACCIÓN
campo de control 20250630050734.0
008 - DATOS DE LONGITUD FIJA--INFORMACIÓN GENERAL
campo de control de longitud fija 900719s1989 sp ||||1| spa d
020 ## - NÚMERO INTERNACIONAL ESTÁNDAR DEL LIBRO
Número Internacional Estándar del Libro 84-350-1436-3
080 ## - NÚMERO DE LA CLASIFICACIÓN DECIMAL UNIVERSAL
Número de la Clasificación Decimal Universal 9(94)"1778/1868"
080 ## - NÚMERO DE LA CLASIFICACIÓN DECIMAL UNIVERSAL
Número de la Clasificación Decimal Universal 343.814(94)
100 1# - ENTRADA PRINCIPAL--NOMBRE DE PERSONA
Nombre de persona Hughes, Robert.
9 (RLIN) 64617
245 13 - MENCIÓN DEL TÍTULO
Título La costa fatídica /
Mención de responsabilidad, etc. Robert Hughes.
250 ## - MENCION DE EDICION
Mención de edición 1ª ed.
260 ## - PUBLICACIÓN, DISTRIBUCIÓN, ETC.
Lugar de publicación, distribución, etc. Barcelona :
Nombre del editor, distribuidor, etc. Edhasa,
Fecha de publicación, distribución, etc. 1989.
300 ## - DESCRIPCIÓN FÍSICA
Extensión 714 p., [32] p. de lám. ;
Dimensiones 24 cm.
504 ## - NOTA DE BIBLIOGRAFÍA, ETC.
Nota de bibliografía, etc. Bibliografía: p. 675-690.
650 #4 - PUNTO DE ACCESO ADICIONAL DE MATERIA--TÉRMINO DE MATERIA
Término de materia o nombre geográfico como elemento de entrada Colonias penitenciarias-
Subdivisión geográfica Australia.
9 (RLIN) 172349
651 #7 - PUNTO DE ACCESO ADICIONAL DE MATERIA--NOMBRE GEOGRÁFICO
Nombre geográfico Australia-
Subdivisión general Historia
Fuente del encabezamiento o término
9 (RLIN) 137059
852 ## - LOCALIZACIÓN
Ubicación ES-MaACL
Número de control de estantería L-14270
Nota libre - Enc. cart.
Holdings
Estatus retirado Estado de pérdida Estado de daño No para préstamo Biblioteca de origen Biblioteca actual Ubicación en estantería Fecha de adquisición Fuente de adquisición Total de préstamos Signatura topográfica completa Código de barras Visto por última vez Precio de reemplazo Tipo de ítem Koha
        Biblioteca del Ateneo de Madrid Biblioteca del Ateneo de Madrid Depósito 2 17/01/2008     L-14270 1007104 23/02/2023 23/02/2023 Libro impreso